[Event "Challenge"]
[Site "http://www.queenalice.com/game.php?id=1287340"]
[Date "2014.6.10"]
[Round "-"]
[White "pj"]
[Black "hugosenari"]
[Result "0-1"]
[WhiteElo "1497"]
[BlackElo "1674"]

1. e4 e5 2. c4 Bc5 3. Nf3 Qf6 4. d3 h6 5. h4 d6 6. g4 Bxf2+ 7. Kxf2 Bxg4 8. Nd2
Nc6 9. Ke1 Nd4 10. Bg2 Ne7 11. Bh3 Nxf3+ 12. Nxf3 Bxf3 13. Rf1 Qxh4+ 14. Kd2
Bxd1 15. Rxd1 Qxh3 16. Kc3 a5 17. a4 c5 18. b3 Nc6 19. Bd2 Nd4 20. Rh1 Ne2+ 21.
Kc2 Qg2 22. Kb2 b6 23. Be3 Ng3+ 24. Ka3 Nxh1 25. Ra2 Qf3 26. Bc1 Qxd3 27. Rh2
Qb1 28. Bb2 Qxe4 29. Ba1 Ng3 30. Bc3 d5 31. Rg2 Qxg2 32. Bxe5 dxc4 33. Bxg7 cxb3
34. Bxh8 Qa2# 0-1

[Event "Challenge"]
[Site "http://www.queenalice.com/game.php?id=1287341"]
[Date "2014.6.10"]
[Round "-"]
[White "hugosenari"]
[Black "pj"]
[Result "0-1"]
[WhiteElo "1650"]
[BlackElo "1484"]

1. e3 e5 2. c3 e4 3. b4 d5 4. g4 g5 5. a4 Nf6 6. Bh3 Na6 7. d3 Be6 8. d4 b6 9.
b5 Nb8 10. f3 a6 11. Bb2 axb5 12. axb5 Nbd7 13. Nd2 Ba3 14. Rxa3 exf3 15. Qa1
Rb8 16. Ngxf3 h6 17. Ne5 Nxe5 18. dxe5 Nd7 19. Nf3 Nc5 20. O-O Qd7 21. Nd4 Nd3
22. Nc6 Rc8 23. Rd1 Nxb2 24. Rf1 Nc4 25. Ra8 Rxa8 26. Qxa8+ Qc8 27. Nb8 Ke7 28.
Rf6 Qxb8 29. Qxb8 Rxb8 30. Rxh6 Nxe3 31. Rxe6+ Kxe6 32. Kf2 Nd1+ 33. Kf3 Kxe5
34. c4 dxc4 35. Bf1 c3 36. Bd3 Rd8 37. Ke2 Nb2 38. Bc2 Rd2+ 39. Ke3 Rxc2 40. h4
gxh4 41. g5 Kd5 42. Kf4 Nd3+ 43. Kg4 Rh2 44. Kf5 Ne5 45. Kf6 Rf2+ 46. Kg7 Rg2
47. Kh6 h3 48. Kg7 Rxg5+ 49. Kf8 Kd6 50. Ke8 Rg8# 0-1

[Event "Challenge"]
[Site "http://www.queenalice.com/game.php?id=1294979"]
[Date "2014.7.15"]
[Round "-"]
[White "hugosenari"]
[Black "Omar"]
[Result "1-0"]
[WhiteElo "1568"]
[BlackElo "1737"]

1. e4 e5 2. c4 Nf6 3. d3 Nc6 4. h3 Nd4 5. Be3 Bb4+ 6. Nc3 a6 7. a3 Bc5 8. b4 Ba7
9. Nf3 Nxf3+ 10. Qxf3 h6 11. c5 c6 12. d4 Bb8 13. d5 cxd5 14. exd5 d6 15. c6
bxc6 16. dxc6 Bc7 17. Bd3 Qe7 18. Be4 a5 19. b5 Qe6 20. Nd5 Nxd5 21. Bxd5 Qe7
22. O-O Be6 23. b6 Bxd5 24. Qxd5 Bxb6 25. Bxb6 O-O 26. Rfe1 Ra6 27. Bxa5 Rfa8
28. Bb4 Rd8 29. f4 Qc7 30. fxe5 dxe5 31. Qxe5 Qxc6 32. Bc3 f6 33. Qe3 Qd6 34.
Bb4 Qc6 35. Rac1 Qb5 36. Rc5 Qb8 37. Qc3 Rad6 38. Rc6 Rd3 39. Qc4+ Kh8 40. Re8+
Kh7 41. Qe4+ g6 42. Qe7# 1-0

[Event "OS INCLIVEIS"]
[Site "http://www.queenalice.com/game.php?id=1303160"]
[Date "2014.8.21"]
[Round "-"]
[White "adelio"]
[Black "hugosenari"]
[Result "1-0"]
[WhiteElo "1764"]
[BlackElo "1601"]

1. d4 d5 2. e4 c6 3. e5 e6 4. Be2 g6 5. Nf3 h6 6. h4 b5 7. h5 Qa5+ 8. Kf1 Ba6 9.
hxg6 fxg6 10. Nh4 Ne7 11. Nxg6 Nxg6 12. Bh5 Kd7 13. Bxg6 b4+ 14. Bd3 c5 15. Qh5
Bxd3+ 16. cxd3 Nc6 17. Nd2 cxd4 18. Nf3 Qb5 19. Ke2 Bg7 20. Qf7+ Ne7 21. Nxd4
Qb6 22. Be3 Rag8 23. Nf5 Qd8 24. Rac1 Qf8 25. Qxe7+ Qxe7 26. Nxe7 Kxe7 27. d4 h5
28. Rc7+ Kd8 29. Rhc1 Re8 30. Bg5+ Re7 31. Rxe7 Bh6 32. Rxa7+ Bxg5 33. Ra8+ Kd7
34. Rxh8 Bxc1 35. b3 Bb2 36. Kd3 Ke7 37. Rxh5 Kf7 38. g3 Bc3 39. g4 Kg6 40. f4
Bb2 41. Rh8 Bc1 42. Rf8 Bxf4 43. Rxf4 Kg5 44. Ke3 Kg6 45. Kf3 Kg5 46. Kg3 Kg6
47. Kh4 Kh6 48. Rf6+ Kg7 49. Kh5 Kh7 50. g5 Kg8 51. Kg6 Kh8 52. Rf8# 1-0

[Event "Teletubbies"]
[Site "http://www.queenalice.com/game.php?id=1306277"]
[Date "2014.9.5"]
[Round "-"]
[White "hugosenari"]
[Black "adelio"]
[Result "1-0"]
[WhiteElo "1588"]
[BlackElo "1837"]

1. b3 c5 2. c3 d5 3. a3 e5 4. Bb2 Nc6 5. e3 Be7 6. d4 e4 7. Ne2 Bg4 8. h3 Bxe2
9. Bxe2 g6 10. Bb5 c4 11. bxc4 a6 12. Bxc6+ bxc6 13. c5 Nf6 14. Nd2 Qd7 15. Qa4
O-O 16. Nb3 Ng4 17. hxg4 Qxg4 18. Rg1 Qd7 19. Na5 Rac8 20. O-O-O f5 21. g3 Kf7
22. c4 h5 23. cxd5 Qxd5 24. Nc4 Kg8 25. Nb6 Qf7 26. Qxa6 Rcd8 27. a4 Qb3 28.
Qc4+ Qxc4+ 29. Nxc4 Rb8 30. Ba3 Rb3 31. Kc2 Rbb8 32. Rb1 Ra8 33. a5 Rf6 34. Rb7
Kf8 35. Bb4 Re8 36. Nb6 Re6 37. a6 h4 38. a7 Bd8 39. Nd7+ Kg8 40. a8=Q Bg5 41.
Qa2 Kh8 42. Bc3 R8e7 43. d5+ Rf6 44. Nxf6 Bxf6 45. Bxf6+ Kh7 46. Rxe7+ Kh6 47.
gxh4 f4 48. Bg5+ Kh5 49. Rh7# 1-0

[Event "Challenge"]
[Site "http://www.queenalice.com/game.php?id=1306278"]
[Date "2014.9.5"]
[Round "-"]
[White "hugosenari"]
[Black "Omar"]
[Result "0-1"]
[WhiteElo "1642"]
[BlackElo "1752"]

1. e3 Nc6 2. c3 h6 3. a3 Nf6 4. g3 d6 5. Ne2 e5 6. h3 Ne4 7. f3 Nf6 8. d3 a6 9.
b3 b5 10. Ra2 Bb7 11. Bg2 Rb8 12. Nd2 Be7 13. f4 Nh7 14. fxe5 Nxe5 15. Bxb7 Rxb7
16. Nf4 O-O 17. d4 Nc6 18. h4 Qd7 19. Qf3 Nf6 20. Ne4 Nxe4 21. Qxe4 Rbb8 22. Nh5
d5 23. Qf3 Rbe8 24. Rg2 Bd6 25. O-O Ne7 26. g4 Ng6 27. Qf2 Re4 28. g5 Nxh4 29.
Nf6+ gxf6 30. gxf6+ Nxg2 31. Qf5 Qxf5 32. Rxf5 Rg4 33. Kf1 Re8 34. Rf3 Nh4 35.
Rh3 Re6 36. Kf2 Rxf6+ 37. Ke2 Be7 38. c4 Rg2+ 39. Kd3 Rf1 40. cxd5 Rxc1 41. b4
Ra1 42. Rxh4 Bxh4 43. Ke4 Rxa3 44. Ke5 Rxe3+ 45. Kf4 Bg5+ 46. Kf5 Rf2+ 47. Kg4
Rf4+ 48. Kh5 Rh3# 0-1

[Event "ChallengeSalsaKing"]
[Site "http://www.queenalice.com/game.php?id=1309198"]
[Date "2014.9.19"]
[Round "-"]
[White "SalsaKing"]
[Black "hugosenari"]
[Result "0-1"]
[WhiteElo "1708"]
[BlackElo "1627"]

1. e4 Nc6 2. Nc3 e5 3. d3 Nd4 4. a3 c6 5. Bd2 f6 6. h3 h5 7. Be3 Bc5 8. b4 Bb6
9. Nf3 g5 10. Be2 Nxf3+ 11. Bxf3 Bxe3 12. fxe3 d6 13. Qd2 a5 14. O-O g4 15. Bd1
gxh3 16. g3 axb4 17. Nb1 c5 18. Bf3 Qc7 19. Qe2 Qg7 20. Qh2 h4 21. g4 Bxg4 22.
Kh1 Nh6 23. Nd2 bxa3 24. Nc4 Ra6 25. Nd2 a2 26. Bxg4 Qxg4 27. Rg1 Qe6 28. c4 Ng4
29. Qe2 Rg8 30. Nf3 b6 31. Rxa2 Rxa2 32. Nd2 f5 33. Qe1 h2 34. Rf1 fxe4 35. Nxe4
h3 36. Qb1 Rg2 37. Qb5+ Ke7 38. Ra1 Nf2+ 39. Nxf2 Rxf2 40. Ra7+ Kf6 0-1

[Event "TuboVermelho"]
[Site "http://www.queenalice.com/game.php?id=1309199"]
[Date "2014.9.19"]
[Round "-"]
[White "adelio"]
[Black "hugosenari"]
[Result "0-1"]
[WhiteElo "1816"]
[BlackElo "1613"]

1. a3 c5 2. c4 a6 3. e4 b5 4. Nc3 bxc4 5. Bxc4 e6 6. Be2 Be7 7. Nf3 d6 8. h4 f6
9. h5 Bb7 10. d3 d5 11. g4 d4 12. Nh4 dxc3 13. Bf3 c4 14. d4 Qa5 15. Kf1 Nd7 16.
e5 Bxf3 17. Qxf3 Rd8 18. bxc3 fxe5 19. Be3 Qxc3 20. Kg2 Bxh4 21. Rac1 Qxa3 22.
Rxh4 Ngf6 23. g5 Nd5 24. Qh3 Nxe3+ 25. Qxe3 Qxe3 26. fxe3 exd4 27. exd4 Nb6 28.
h6 g6 29. Re4 Rd6 30. Kg3 Rf8 31. d5 Nxd5 32. Rcxc4 Kd7 33. Rc5 Rf5 34. Kh4 e5
35. Re1 Ke6 36. Rc8 Ne7 37. Rc4 Rd5 38. Ra4 a5 39. Rc4 Rd3 40. Ra4 Nc6 41. Rae4
Rd4 42. Rxd4 Nxd4 43. Rb1 e4 44. Rb6+ Ke5 45. Ra6 Nf3+ 46. Kh3 Nxg5+ 47. Kg2 Kf4
48. Rc6 Kg4 49. Rc3 a4 50. Ra3 Ra5 51. Rg3+ Kf4 52. Rc3 e3 53. Rc4+ Ne4 54. Rc2
a3 55. Rc8 Rg5+ 56. Kf1 a2 57. Ra8 Nd2+ 58. Ke2 Rg2+ 59. Kd3 Nb3 60. Kc3 a1=Q+
61. Rxa1 Nxa1 62. Kd3 Rd2+ 63. Kc3 Ke4 64. Kc4 e2 65. Kc5 e1=Q 66. Kc6 Qc1+ 67.
Kb7 Rb2+ 68. Ka8 Qc6+ 69. Ka7 Qb7# 0-1

[Event "OS INCLIVEIS"]
[Site "http://www.queenalice.com/game.php?id=1309608"]
[Date "2014.9.21"]
[Round "-"]
[White "hugosenari"]
[Black "adelio"]
[Result "0-1"]
[WhiteElo "1622"]
[BlackElo "1842"]

1. c4 c5 2. d4 d5 3. dxc5 e6 4. b4 Be7 5. Na3 Nf6 6. Nb5 Bd7 7. Bf4 Bxb5 8. cxb5
a5 9. b6 axb4 10. Bc7 Qd7 11. Qc1 Nc6 12. e3 Ra5 13. Nf3 Rxc5 14. Qb2 Bd8 15.
Bb5 Rxb5 16. Bxd8 Qxd8 17. Nd4 Rxb6 18. Nxc6 bxc6 19. O-O Qb8 20. f3 c5 21. g4
e5 22. g5 Nh5 23. f4 Rg6 24. h4 exf4 25. exf4 Nxf4 26. Rae1+ Ne6 27. Rf5 O-O 28.
Re3 d4 29. Ref3 h6 30. Qf2 f6 31. Kf1 Qb5+ 32. Qe2 Qxe2+ 33. Kxe2 hxg5 34. hxg5
Nxg5 35. Rg3 Re8+ 36. Kd3 Kh7 37. Kc4 Nf7 38. Rxg6 Nd6+ 39. Kxc5 Nxf5 40. Rg1
Rb8 41. Rb1 g5 42. Rxb4 Rxb4 43. Kxb4 g4 44. a4 g3 45. Kc4 g2 46. Kd5 g1=Q 47.
Ke6 Kg6 48. a5 Qg2 49. Kd7 Qd5+ 50. Kc7 Qxa5+ 51. Kc6 d3 52. Kd7 Qb6 53. Kc8 d2
54. Kd7 d1=Q+ 55. Kc8 Qdd8# 0-1

[Event "ConchaBuika"]
[Site "http://www.queenalice.com/game.php?id=1313388"]
[Date "2014.10.7"]
[Round "-"]
[White "hugosenari"]
[Black "adelio"]
[Result "1-0"]
[WhiteElo "1652"]
[BlackElo "1772"]

1. e4 g6 2. f4 d5 3. e5 Nc6 4. d4 Nh6 5. h3 Nf5 6. Ne2 e6 7. g4 Qh4+ 8. Kd2
Nfxd4 9. c3 Nf3+ 10. Kc2 Ne1+ 11. Kd2 Nf3+ 12. Kc2 Bc5 13. Nd2 Ne1+ 14. Kb1 Be3
15. Nf3 Nxf3 16. Bxe3 Bd7 17. Bg2 Nfxe5 18. fxe5 Nxe5 19. Qd2 Qd8 20. Bg5 f6 21.
Bh4 g5 22. Bf2 b6 23. Rd1 Nc4 24. Qd4 Nxb2 25. Kxb2 a5 26. Kc2 Ba4+ 27. Kd2 Bxd1
28. Kxd1 c5 29. Qa4+ Kf7 30. Qc6 Re8 31. Rb1 Re7 32. Rxb6 Rc8 33. Qb5 d4 34.
cxd4 cxd4 35. Nxd4 Rcc7 36. Ke2 Rcd7 37. Qc5 e5 38. Qc4+ Kg7 39. Nf5+ Kh8 40.
Be3 Rf7 41. Nh6 Rg7 42. Qb5 Rc7 43. Rxf6 Rc2+ 44. Kf3 Qxf6+ 45. Nf5 Rf7 46. Kg3
Rc3 47. Bd5 Rxe3+ 48. Nxe3 Qf4+ 49. Kg2 Qf2+ 50. Kh1 Qe1+ 51. Kh2 Rf2+ 52. Ng2
Rf8 53. Nxe1 Rf2+ 54. Ng2 Kg7 55. Qd7+ Kg6 56. Qe8+ Kg7 57. Qg8+ Kh6 58. Be4
Rxg2+ 59. Kxg2 a4 60. Qxh7# 1-0

[Event "Challenge"]
[Site "http://www.queenalice.com/game.php?id=1313431"]
[Date "2014.10.8"]
[Round "-"]
[White "Omar"]
[Black "hugosenari"]
[Result "1-0"]
[WhiteElo "1771"]
[BlackElo "1651"]

1. e4 d5 2. exd5 Qxd5 3. d3 g5 4. Nc3 Qd4 5. Nf3 Qc5 6. a3 g4 7. Nh4 h5 8. g3
Bh6 9. Qe2 e6 10. Bg2 c6 11. O-O Nf6 12. Re1 Bd7 13. Qe5 Qxe5 14. Rxe5 Bxc1 15.
Rxc1 Na6 16. Na4 O-O-O 17. b4 Kb8 18. Nc5 Nxc5 19. Rxc5 Nd5 20. c3 Rdg8 21. a4
b6 22. Rc4 Rg5 23. a5 c5 24. Re4 Rc8 25. axb6 axb6 26. bxc5 Rxc5 27. c4 f6 28.
Ree1 Nb4 29. Red1 e5 30. Rb1 Bc6 31. Rxb4 Kc7 32. Rdb1 e4 33. Bxe4 Bxe4 34. dxe4
b5 35. cxb5 Kb6 36. Nf5 Rcxf5 37. exf5 Rxf5 38. Kg2 Rc5 39. h3 f5 40. hxg4 hxg4
41. f3 Rc2+ 42. Kf1 gxf3 43. Rf4 Rc5 44. Rxf3 Rxb5 45. Rxb5+ Kxb5 46. Rxf5+ Kc4
47. g4 Kd4 48. g5 Ke4 49. Rf2 Ke5 50. g6 Ke6 51. g7 Ke7 52. g8=Q Kd7 53. Rf6 Ke7
54. Qg7+ Ke8 55. Rf8# 1-0

[Event "OS INCLIVEIS"]
[Site "http://www.queenalice.com/game.php?id=1313595"]
[Date "2014.10.8"]
[Round "-"]
[White "adelio"]
[Black "hugosenari"]
[Result "0-1"]
[WhiteElo "1770"]
[BlackElo "1629"]

1. d4 d5 2. e4 dxe4 3. Nc3 f5 4. Be2 g6 5. h4 c6 6. Nh3 e6 7. Nf4 a6 8. g4 Bg7
9. Be3 Ne7 10. g5 O-O 11. h5 e5 12. Nxg6 hxg6 13. hxg6 Nxg6 14. dxe5 Nxe5 15.
Bh5 f4 16. Bd4 Nf3+ 17. Bxf3 exf3 18. Bxg7 Re8+ 19. Kf1 Qxg5 20. Qxf3 Bg4 21.
Ne4 Qb5+ 22. Qd3 Rxe4 23. Kg1 Qg5 24. Bh6 Qg6 25. Bxf4 Be2+ 26. Qg3 Bg4 27. f3
Rxf4 28. Rf1 Nd7 29. Rh3 Qg5 30. Kh2 Ne5 31. fxg4 Rxf1 32. Qb3+ Rf7 33. Rg3 Qh4+
34. Kg2 Rd8 35. Qb4 Rh7 36. Qb3+ Nf7 37. Qe3 Qh1+ 38. Kf2 Rh2+ 39. Rg2 Qxg2+ 40.
Ke1 Qh1+ 41. Qg1 Qxg1# 0-1

[Event "Pão na chapa"]
[Site "http://www.queenalice.com/game.php?id=1317289"]
[Date "2014.10.22"]
[Round "-"]
[White "adelio"]
[Black "hugosenari"]
[Result "1-0"]
[WhiteElo "1786"]
[BlackElo "1670"]

1. Nf3 f6 2. e4 h6 3. d4 g5 4. c4 h5 5. Nxg5 fxg5 6. Bxg5 d6 7. Nc3 Bg7 8. Be2
Bg4 9. f3 Bd7 10. O-O Bf6 11. f4 Bg4 12. Nd5 c6 13. Nxf6+ exf6 14. Bh4 Na6 15.
e5 dxe5 16. fxe5 Bxe2 17. Qxe2 Qxd4+ 18. Bf2 Qxe5 19. Qf3 Ne7 20. b3 Nb4 21.
Rae1 Qc7 22. Qxf6 Rh7 23. Bh4 Rf7 24. Qxf7+ Kd8 25. Rxe7 Qb6+ 26. Bf2 Qxf2+ 27.
Rxf2 Nd3 28. Re8# 1-0

[Event "PJ Clarke"]
[Site "http://www.queenalice.com/game.php?id=1317319"]
[Date "2014.10.23"]
[Round "-"]
[White "pj"]
[Black "hugosenari"]
[Result "0-1"]
[WhiteElo "1494"]
[BlackElo "1640"]

1. e4 e6 2. e5 h5 3. f4 g6 4. d4 d5 5. a4 a6 6. a5 c5 7. dxc5 Bxc5 8. Nf3 f6 9.
Nh4 g5 10. fxg5 fxg5 11. Nf3 g4 12. Bg5 Qc7 13. Nh4 Qf7 14. Bd3 Qf2# 0-1

[Event "minha anã paraguaia"]
[Site "http://www.queenalice.com/game.php?id=1317800"]
[Date "2014.10.24"]
[Round "-"]
[White "hugosenari"]
[Black "adelio"]
[Result "1/2-1/2"]
[WhiteElo "1659"]
[BlackElo "1787"]

1. b3 a6 2. a4 e5 3. g3 d5 4. h4 c5 5. Ba3 b5 6. Bh3 Nc6 7. Nf3 Be7 8. Bxc8 Rxc8
9. axb5 axb5 10. Bb2 Nd4 11. Nxd4 cxd4 12. c3 Nf6 13. cxd4 Ne4 14. dxe5 Nxf2 15.
Kxf2 d4 16. d3 O-O 17. Nd2 f5 18. Nf3 f4 19. g4 Qd7 20. g5 Rc6 21. Bxd4 Bc5 22.
Bxc5 Rxc5 23. d4 Rd5 24. h5 Qg4 25. Qg1 Qxg1+ 26. Rhxg1 b4 27. Rgc1 Rdd8 28. Rc6
Rf7 29. Ra5 Rf5 30. Ra7 h6 31. gxh6 Rxh5 32. hxg7 Rh7 33. Rg6 Rh3 34. Kg2 Rg3+
35. Rxg3 Rc8 36. Rh3 Rc7 37. Rxc7 1/2-1/2

[Event "RoboCrop"]
[Site "http://www.queenalice.com/game.php?id=1319556"]
[Date "2014.10.31"]
[Round "-"]
[White "adelio"]
[Black "hugosenari"]
[Result "1-0"]
[WhiteElo "1732"]
[BlackElo "1664"]

1. b4 b5 2. d4 Nc6 3. e4 e5 4. d5 Nxb4 5. a3 Nxc2+ 6. Qxc2 a6 7. Be2 Nf6 8. h4
h6 9. h5 Bb7 10. g4 c6 11. Nf3 Nxg4 12. Nh4 Nxf2 13. Kxf2 Qb6+ 14. Be3 c5 15.
Nc3 d6 16. Nf5 O-O-O 17. Rhb1 Kb8 18. Nxb5 axb5 19. Bxb5 Qa7 20. Bc6 Kc7 21.
Rxb7+ Qxb7 22. Bxb7 Kxb7 23. Qa4 Rc8 24. Rb1+ Kc7 25. Qa5+ Kd7 26. Rb7+ Rc7 27.
Qxc7+ Ke8 28. Qd7# 1-0

[Event "Challenge"]
[Site "http://www.queenalice.com/game.php?id=1326133"]
[Date "2014.12.4"]
[Round "-"]
[White "pj"]
[Black "hugosenari"]
[Result "1-0"]
[WhiteElo "1553"]
[BlackElo "1625"]

1. e4 e5 2. g4 g5 3. c4 c5 4. b3 b6 5. a4 a5 6. Nc3 Nc6 7. Nge2 Nge7 8. Nb5 Ng6
9. d3 Nh4 10. Ng1 Nd4 11. Nxd4 cxd4 12. Nf3 Nxf3+ 13. Qxf3 Bb4+ 14. Bd2 Bxd2+
15. Kxd2 O-O 16. h4 Qe7 17. hxg5 Qxg5+ 18. Kc2 Ba6 19. Rh5 Qe7 20. g5 Qb4 21.
Kb2 Qc3+ 22. Ka2 d6 23. Qf5 Qd2+ 24. Ka3 Qb4+ 25. Ka2 Rfc8 26. Qxh7+ Kf8 27.
Qh8+ Ke7 28. Qf6+ Kd7 29. Bh3+ Kc6 30. Bxc8 Rxc8 31. Qxf7 Qd2+ 32. Ka3 Qxd3 33.
Qd5+ Kc7 34. Rh7+ Kb8 35. Qxd6+ Ka8 36. Qd7 Qxb3+ 37. Kxb3 Bxc4+ 38. Kb2 Rc7 39.
Qxc7 Bf7 40. Rxf7 d3 41. Qb7# 1-0

[Event "Challenge"]
[Site "http://www.queenalice.com/game.php?id=1326134"]
[Date "2014.12.4"]
[Round "-"]
[White "pj"]
[Black "hugosenari"]
[Result "1-0"]
[WhiteElo "1532"]
[BlackElo "1646"]

1. e4 e5 2. g4 g5 3. a4 a5 4. Qf3 f6 5. c4 c5 6. Na3 Nc6 7. Ne2 d6 8. Qg3 Nh6 9.
f3 Be6 10. h4 Nb4 11. Kd1 Nd3 12. b3 Nf4 13. hxg5 fxg5 14. Nc3 Qd7 15. Nab5 Nxg4
16. fxg4 Bxg4+ 17. Be2 Nxe2 18. Nxe2 h5 19. Nc3 h4 20. Qf2 Be7 21. Nd5 Rf8 22.
Qe1 Ra6 23. Rf1 Rf3 24. d3 h3 25. Ne3 Rxe3 26. Bxe3 Bh5 27. Kc2 Kd8 28. Qd2 Kc7
29. Ng3 Bg4 30. Bxg5 b6 31. Rf7 Qc8 32. Rxe7+ Kc6 33. Qf2 Ra8 34. Qf7 Bd7 35.
Qd5+ Kc7 36. Nf5 Qg8 37. Qxd6+ Kc8 38. Rxd7 Ra7 39. Rxa7 Qd8 40. Qxd8# 1-0

[Event "Challenge"]
[Site "http://www.queenalice.com/game.php?id=1335221"]
[Date "2015.1.16"]
[Round "-"]
[White "pj"]
[Black "hugosenari"]
[Result "0-1"]
[WhiteElo "1527"]
[BlackElo "1606"]

1. e4 e5 2. g4 Qg5 3. d4 Qh4 4. dxe5 d6 5. exd6 Bxd6 6. Be2 Bc5 7. Bb5+ c6 8.
Nh3 Bxg4 9. Qd2 Bxh3 10. Bf1 Qxe4+ 11. Qe2 Nf6 12. Rg1 Kf8 13. Bxh3 Na6 14. c3
Qh4 15. Rg3 Ne4 16. Qf3 Bxf2+ 17. Ke2 Bxg3 18. hxg3 Nxg3+ 19. Ke3 Re8+ 20. Kd2
Qxh3 21. Kc2 Qh2+ 22. Bd2 Nc5 23. Na3 Nce4 24. Rd1 Nxd2 25. Rxd2 Re2 26. Nc4
Rxd2+ 27. Nxd2 h5 28. Qf4 g6 29. Qb8+ Kg7 30. Qxb7 Nf1 31. Qxc6 Qxd2+ 32. Kb3
Rb8+ 33. Ka3 Qxb2+ 34. Ka4 Qxa2# 0-1

[Event "Challenge"]
[Site "http://www.queenalice.com/game.php?id=1340339"]
[Date "2015.2.9"]
[Round "-"]
[White "pj"]
[Black "hugosenari"]
[Result "0-1"]
[WhiteElo "1514"]
[BlackElo "1619"]

1. e4 e5 2. g4 g5 3. c4 Bc5 4. a4 a5 5. Nf3 f6 6. h4 Nh6 7. Bh3 d6 8. hxg5 Nxg4
9. gxf6 Bxf2+ 10. Kf1 Qxf6 11. Bxg4 Bxg4 12. Kxf2 h5 13. d3 Nc6 14. Bg5 Qf7 15.
Be3 O-O-O 16. Nd2 Rdf8 17. Rg1 Nb4 18. Ra3 Nc2 19. Rc3 Nxe3 20. Kxe3 Qf4+ 21.
Kf2 Bxf3 22. Nxf3 h4 23. Qe2 h3 24. Rh1 h2 25. Rcc1 Rh3 26. Rcf1 Rxf3+ 27. Ke1
Qc1+ 28. Qd1 Re3# 0-1

[Event "Challenge"]
[Site "http://www.queenalice.com/game.php?id=1340340"]
[Date "2015.2.9"]
[Round "-"]
[White "hugosenari"]
[Black "pj"]
[Result "1-0"]
[WhiteElo "1631"]
[BlackElo "1502"]

1. e4 e5 2. g4 a5 3. a4 g5 4. c3 c5 5. Bc4 Nh6 6. h3 b6 7. d4 cxd4 8. cxd4 exd4
9. Qxd4 Rg8 10. Qe5+ Qe7 11. Qxe7+ Bxe7 12. f3 Rg6 13. Ne2 Bb4+ 14. Nbc3 Rf6 15.
O-O Rg6 16. Nd5 Bc5+ 17. Kg2 Kd8 18. Nec3 Rc6 19. Bxg5+ Be7 20. Bxe7+ Ke8 21. b3
Ng8 22. Bg5 h6 23. Bf4 d6 24. Bb5 Bd7 25. Bxc6 Bxc6 26. Nc7+ Kd7 27. Nxa8 Bxa8
28. Rfd1 Nc6 29. Rxd6+ Ke7 30. Nd5+ Kf8 31. Rd8+ Nxd8 32. Bd6+ Kg7 33. Nf4 Nb7
34. Be5+ Kf8 35. Rc1 Ne7 36. Rc7 Ke8 37. Bf6 Ng6 38. Nd5 Kf8 39. Rc8+ Nd8 40.
Rxa8 Kg8 41. Rxd8+ Kh7 42. Rd7 Nh8 43. h4 Kg8 44. h5 Kh7 45. f4 Kg8 46. g5 hxg5
47. fxg5 Kh7 48. h6 b5 49. g6+ Nxg6 50. Rxf7+ Kxh6 51. axb5 Kh5 52. Kg3 a4 53.
Rh7# 1-0